Methodology in Social Research (Record no. 13398)

MARC details
000 -LEADER
fixed length control field 00643nam a2200241 a 4500
020 ## - INTERNATIONAL STANDARD BOOK NUMBER
ISBN 8170367
082 00 - DEWEY DECIMAL CLASSIFICATION NUMBER
Classification number 001.42
Author Cutter MUK
100 ## - MAIN ENTRY--AUTHOR NAME
Author name Mukherji, Partha Nath
245 ## - TITLE STATEMENT
Title Methodology in Social Research
Sub title Dilemmas and Perspecstives.
260 ## - PUBLICATION, DISTRIBUTION, ETC. (IMPRINT)
Place of publication New Delhi
Name of publisher Sage Publications
Year of publication 2000
300 ## - PHYSICAL DESCRIPTION
Number of Pages 263p
500 ## - GENERAL NOTE
General note includes index and biblioraphy
505 2# - FORMATTED CONTENTS NOTE
Formatted contents note Index
650 ## - SUBJECT ADDED ENTRY--TOPICAL TERM
Topical Term Research Methodology
942 ## - ADDED ENTRY ELEMENTS (KOHA)
Koha item type Books
700 1# -
-- Mukherji, Partha Nath
Holdings
Collection code Home library Current library Date acquired Cost, normal purchase price Full call number Accession Number Koha item type
  Henry Martyn Institute Library Henry Martyn Institute Library 10/22/2007 375.00 001.42 MUK 019834 Books
                   Copyright © 2026 | Henry Martyn Institute | Hyderabad | TS-500052 | INDIA | Implemented by hmi.edu.in
Hit-Count:

Powered by Koha